000 01028cab a22001935a 4500
001 L156889
008 120727e2012 xxk 000 0 eng d
035 _a(Sirsi) u156889
041 0 _aeng
100 1 _aStewart, Sarah
245 0 0 _aMarkets
_btrade counters, self-storage and roadside
260 _c2012
490 0 _aProperty Week
_v78(29) 20 July 2012, 49- 54(4)
520 _aSurveys activity in the trade counter, self-storage and roadside sectors. Self-storage operators are considering a legal challenge against government plans to apply VAT to self-storage space from 1 October 2012. Car servicers In'n'Out and Halfords are looking at new ways of expanding in a tough climate. YESSS (Your Electrical Supplies Services and Solutions) plans to establish itself in the UK trade counter market in the autumn. Outlines Little Chef's business plans including the introduction of its new-format roadside restaurants.
590 _aKA
651 4 _aUnited Kingdom
690 _aCommercial property
_96227
942 _n0
999 _c84188
_d84188